Регионална библиотека "Любен Каравелов" - Русе

Логика (Запис номер 141737)

MARC детайли
000 -Лидер
Контролно поле с фиксирана дължина 01778nam a2200325 c 4500
003 - Код на организацията, давaща контролен номер
Контролно поле BLK
005 - Дата и час на последна редакция
Контролно поле 20221021153514.0
008 - Елементи от данни с фиксирана дължина
fixed length control field 180409b bul|||||r ||||||| ||bul||
010 ## - Наследен системен номер
LC control number KNG00147811000
040 ## - Източник на каталожния запис
Идентификатор на билиотеката - собственик на записа BLK
041 ## - Код за език
Код за езика на текст/звукозапис или на отделно заглавие Български
Код за езика КДБФ Български
080 ## - УДК
Текстов определител УДК Логика. Теория на познанието. Логическа методология. Херменевтика(философ. аспекти)Епистемология. Вж и 801.73
УДК код - определител по УДК 16
УДК определител (075.3)
УДК - код + определител 16(075.3)
100 1# - Редна дума - Автор
Автор Бънков, Ангел Илиев
Авторска отговорност първи автор
R(LIN) 369320
139 ## - Редно поле
Редна дума Бънков, Ангел Илиев и др.
Авторски знак Бъл - Б 92
245 10 - Сведения за заглавието
Заглавие Логика
Подзаглавни данни Учебник за ХI кл. на общообраз. трудово-политехн. у-ща
Редно поле (дума) Ангел Илиев Бънков, Йорданка Иванова Осиковска.
257 ## - Страна на издаване
Страна на създаване/издаване България
260 ## - Област на издателските данни
Място на издаване, разпространение и проч. София
Име на издателя, разпространителя и проч. Нар. просв.
Година на издаване 1976
Печатница В. Търново : Д. Найденов
300 ## - Физическа характеристика
Страници 136 с.
Илюстрации и др. с ил.
Размери/Мащаб 22 см
380 ## - Жанр
Жанр Философия
500 ## - Общи забележки
Забележка Авт. не са отбелязани на кор. - 1. изд. за Х кл. - 45 080 доп. тир. - Свържи с Бълг. книгопис, 1975.
650 #4 - Допълнително описание по предмет – тема
Основно описание – тема или топоним Логика - учебници за средни училища
9 (RLIN) 248583
653 ## - Ключова дума – ненормативна
Ключова дума логика
653 ## - Ключова дума – ненормативна
Ключова дума учебници за средни училища
700 1# - Други автори (авторска отговорност)
Лично име Осиковска, Йорданка Иванова
Автороска отговорност (Описва отношението между автора и произведението) съавт.
Друга информация Осиковска-Мънкова, Йорданка Иванова
9 (RLIN) 378654
852 ## - Местоположение
Форматна сигнатура Цб 82398
Фондова буква Хранилище
856 4# - Електронен адрес и достъп
Електронен формат pdf - файл
Инструкция (цена за достъп) 0.00
Права за достъп disable
856 4# - Електронен адрес и достъп
Електронен формат pdf - файл
Инструкция (цена за достъп) 0.00
Права за достъп disable
999 ## - СИСТЕМНИ КОНТРОЛНИ НОМЕРА
Koha biblionumber 141737
Koha biblioitemnumber 141737
942 ## - АРТИКУЛИ
Вид на библиотечния материал Книги
Скрит в OPAC Не
Периодичен библиозапис Да
944 ## - СЪЗДАВАНЕ И РЕДАКЦИЯ на ЗАПИСА
Създаване/Редакция Създаване
Дата на регистрацията/редакция 31.07.2013
Статус, дата на статуса 31.07.2013 - от С1,Р / 31.07.2013
Служител, извършил регистрацията/редакцията Радостина_Карадакова
944 ## - СЪЗДАВАНЕ И РЕДАКЦИЯ на ЗАПИСА
Създаване/Редакция Редакция
Дата на регистрацията/редакция 31.07.2013
Статус, дата на статуса 31.07.2013 - от С1,Р / 31.07.2013
944 ## - СЪЗДАВАНЕ И РЕДАКЦИЯ на ЗАПИСА
Създаване/Редакция Редакция
Дата на регистрацията/редакция 2022-10-21
999 ## - СИСТЕМНИ КОНТРОЛНИ НОМЕРА
Koha biblioitemnumber 141737
Наличности
Код за отписване Код за изгубен артикул Източник на класификационната схема Код за повреда Коз за рестрикции Код за отдаване Артикулен № Име на библиотеката - собственик Име на библиотеката, в която се намира в момента Статус (Текущо местоположение) Дата на вписване в системата Местоположение - отдел Цена в лева Инвентарен номер Систематично азбучна сигнатура Баркод Номер на екземпляра Цена в евро Служебна бележка Служебен тип на артикула
  Не е изгубен Universal Decimal Classification Не е повреден без рестрикции ползва се в читалня 233733 Регионална библиотека "Любен Каравелов" Русе Регионална библиотека "Любен Каравелов" Русе Хранилище 1976-01-01 Хранилище 0.31 211288 Цб 82398 120000211288 1 0.16 Дата: 01.01.1976 Книги
Изтеглен Не е изгубен Universal Decimal Classification Не е повреден без рестрикции заемане за дома 233734 Регионална библиотека "Любен Каравелов" Русе Регионална библиотека "Любен Каравелов" Русе Заемна - подръчен фонд 1976-01-01 Заемна - подръчен фонд 0.11 232477 П 16/Б 92 232477 2 0.06 Дата: 01.01.1976 Дата инв: 02.02.2018 Бележки инв: П2018 Книги
Изтеглен Не е изгубен Universal Decimal Classification Не е повреден без рестрикции заемане за дома 233735 Регионална библиотека "Любен Каравелов" Русе Регионална библиотека "Любен Каравелов" Русе Заемна - подръчен фонд 1976-01-01 Заемна - подръчен фонд 0.00 616232 П 16/Б 92 616232 3 0.00 Дата: 01.01.1976 Книги
Vip Innovations Ltd, Rousse, Bulgaria 2025